Guess the random Taylor Swift Song Lyrics 137 - Statistics

General Stats
  • This quiz has been taken 14 times
  • The average score is 197 of 272
Answer Stats
Answer % Correct
a
100%
do
100%
I
100%
the
100%
you
100%
your
100%
Your
100%
all
92%
And
92%
and
92%
be
92%
is
92%
it
92%
they
92%
This
92%
we
92%
As
83%
as
83%
don't
83%
If
83%
if
83%
I'll
83%
know
83%
like
83%
my
83%
of
83%
That
83%
will
83%
you're
83%
are
75%
can't
75%
hear
75%
I'd
75%
it's
75%
think
75%
to
75%
too
75%
with
75%
But
67%
get
67%
just
67%
mine
67%
Out
67%
say
67%
should
67%
alone
58%
follow
58%
hands
58%
has
58%
home
58%
long
58%
stay
58%
touch
58%
treacherous
58%
would
58%
anything
50%
Asking
50%
away
50%
close
50%
headlights
50%
lips
50%
mind
50%
nothing
50%
own
50%
path
50%
Put
50%
reckless
50%
Two
50%
voice
50%
choice
42%
dangerous
42%
decide
42%
echoed
42%
Getting
42%
name
42%
night
42%
shine
42%
slope
42%
sound
42%
swept
42%
through
42%
walk
42%
along
33%
bone
33%
daydream
33%
eye
33%
focus
33%
gravity's
33%
much
33%
quicksand
33%
safe
33%
skin
33%
sleepless
33%
'Til
33%
Trained
33%
worth
33%
drive
25%
flow
25%
Forever
25%
friction
25%
going
25%
hope
25%
smart
25%
No matching quizzes found
Score Distribution
Percent of People with Each Score
Percentile by Number Answered
Your Score History
You have not taken this quiz